Internet and Network Economics (رقم التسجيلة. 13863)

تفاصيل مارك
000 -الفاتح
حقل البيانات ثابتة الطول 01857cam a22003732 b4500
001 - رقم الضبط
رقم الضبط 8796995
003 - محدد رقم الضبط
رقم الضبط OSt
005 - وقت وتاريخ اخر تعامل مع التسجيلة
رقم الضبط 20150408113914.0
006 - عناصر البيانات ثابتة الطول - خصائص المادة الاضافية-معلومات عامة
حقل البيانات ثابتة الطول m d
007 - الحقل الثابت للوصف المادى- معلومات عامة
حقل البيانات ثابتة الطول cr n
008 - عناصر البيانات ثابتة الطول - معلومات عامة
حقل البيانات ثابتة الطول 101028e20110104nju s|||||||| ||eng|d
020 ## - الرقم الدولى المعيارى للكتب
الرقم الدولى المعيارى للكتاب 9783642175718
020 ## - الرقم الدولى المعيارى للكتب
الرقم الدولى المعيارى للكتاب 3642175716 (Trade Paper)
شروط الاتاحة USD 107.00 Retail Price (Publisher)
024 3# - معرف معيارى اخر
الرقم او الرمز المعيارى 9783642175718
035 ## - رقم ضبط النظام
رقم ضبط النظام (WaSeSS)ssj0000476319
037 ## - مصدر التزويد
رقم المخزون 3642175716
مصدر رقم المخزون/ التزويد 00024965
040 ## - مصدر الفهرسة
وكالة الفهرسة الأصلية BIP US
وكالة التعديل WaSeSS
وكالة النسخ دار أجنادين
082 ## - رقم تصنيف ديوى العشرى
رقم الطبعة 21
رقم التصنيف 330.0285
رقم المادة S A I
100 1# - المدخل الرئيسى - إسم شخصى
الإسم الشخصى Saberi, Amin
الدور Editor
رمز الرابط edt
9 (RLIN) 3405
210 10 - العنوان المختصر
العنوان المختصر Internet and Network Economics
245 10 - بيان العنوان
العنوان Internet and Network Economics
الوسيط [electronic resource]:
بقية العنوان 6th International Workshop, WINE 2010, Stanford, CA, USA, December 13-17, 2010, Proceedings
260 ## - PUBLICATION, DISTRIBUTION, ETC. (IMPRINT)
مكان الناشر او الموزع New York :
اسم الناشر او الموزع Springer
تاريخ النشر أو التوزيع Jan. 2011
300 ## - الوصف المادى
التعداد 580p. :
تفاصيل ماديه اخرى للوعاء ill. ;
أبعاد الوعاء 24 cm.
440 #0 - بيان السلسلة/مدخل إضافى-العنوان
العنوان Lecture Notes in Computer Science / Information Systems and Applications, incl. Internet/Web, and HCI Ser.
9 (RLIN) 3406
506 ## - تبصرة قيود الاتاحة
قيود الإتاحة License restrictions may limit access.
520 8# - التبصرة الخاصة بالتعليق أو التلخيص
ملخص,الخ Annotation
امتداد لتبصرة الملخص This book constitutes the refereed proceedings of the 6th International Workshop on Internet and Network Economics, WINE 2010, held in Stanford, USA, in December 2010.The 52 revised full papers presented were carefully reviewed and selected from 95 submissions. The papers are organized in 33 regular papers and 19 short papers.
521 ## - تبصرة الجمهور المستهدف
تبصرة الجمهور المستهدف Scholarly & Professional
المصدر Springer
650 ## - المدخل الاضافى بالموضوع-مصطلح موضوعى
مصطلح موضوعي أو اسم جغرافي كعنصر مدخل Network economics
9 (RLIN) 3407
650 ## - المدخل الاضافى بالموضوع-مصطلح موضوعى
مصطلح موضوعي أو اسم جغرافي كعنصر مدخل Computer networks
التقسيم الفرعي العام Economic aspects
9 (RLIN) 3408
773 #0 - مدخل المادة المضيفة
العنوان SpringerLink ebooks - Computer Science (2010)
856 40 - الوصول و الموقع الالكترونى
معرف المصدر الموحد <a href="http://www.columbia.edu/cgi-bin/cul/resolve?clio8796995">http://www.columbia.edu/cgi-bin/cul/resolve?clio8796995</a>
تبصرة عامة Full text available from SpringerLink ebooks - Computer Science (2010)
910 ## - بيانات اختيارية للمستخدم
User-option data Bowker Global Books in Print record
942 ## - عناصر المدخل الإضافي( كوها)
مصدر التصنيف او مخطط الترفيف Dewey Decimal Classification
Koha [default] item type DVD
المقتنيات
حالة الفقد نموذج السعر الفعال حالة تلف ليس للاعارة رقم الطلب تاريخ الاكتساب الموقع الحالي الباركود الفرع الرئيسي Date last seen نوع المادة فى نظام كوها مصدر التصنيف او خطة الترفيف Total Checkouts
  2013-03-10     330.0285 S A I 2011-08-27 قسم الاجراءات الفنية (IC) 00102094 قسم الاجراءات الفنية (IC) 2013-03-10 كتاب Dewey Decimal Classification  
  2013-03-10     330.0285 S A I 2011-08-27 قسم الاجراءات الفنية (IC) 00102095 قسم الاجراءات الفنية (IC) 2013-03-10 كتاب Dewey Decimal Classification